One Piece énigme - Statistiques

Statistiques générales
  • Ce quiz a été pris 978 fois
  • Le résultat moyen est 19 sur 26
Statistiques - réponses
Nom Hint Réponse % Correct
G G pense que tous les cerfs sont de la famille de T Luffy
99%
O O perd tous ses moyens devant E Zoro
97%
T T donne un remède spécial à O et Y Chopper
90%
B B est le premier ami de H Ace
89%
K K s'est déjà allié avec E et G Trafalgar Law
89%
X X fut dans l'équipage de B et a recruté C Barbe noire
88%
F F veut tuer la famille de J Kaido
87%
J J est le premier à avoir laissé une cicatrice à F Oden
82%
Q Q a fait un plan avec B pour assassiner G Sabo
82%
C C se bat désormais dans l'équipage de X Aokiji
78%
M M a des poils de nez très long Roger
77%
Z Z a 7 corps Vegapunk
77%
W W s'est sacrifié pour G à Impel Down Bon Clay
76%
H H veut devenir comme J Yamato
76%
A A est le premier membre de l'équipage de G à avoir rencontrer M Franky
75%
I I a un lien avec Q et C Robin
75%
Y Y fait parti de l'équipage de K Bepo
74%
R R est sauvé par K et souhaite protéger G suite à la demande de B Jinbe
73%
S S est le bras droit de F et est battu par O King
73%
V V est le père de P et subit une transformation par Z Bartholomew Kuma
70%
E E incite son supérieur à s'allier avec K pour sauver des enfants Tashigi
67%
P P est la fille de V et est secouru par R Bonney
65%
D D est la fille de J et confie un précieux objet à O Hiyori
56%
U U a sauvé L et a coopéré avec R à Marine Ford Rayleigh
44%
L L a transmis un message secret à B Boa Hancock
39%
N N a été battu par G mais s'est retrouvé à coopérer avec lui par la suite Lucci
27%
Aucun quiz correspondant
Distribution des résultats
% des personnes avec chaque résultat
Percentile par nombre de réponses
Votre historique - résultats
Vous n’avez pas pris ce quiz